000
00343 a2200157 4500
001
171236
020
_a
040
_c
Magnum
100
_a
Corullón, Mónica Beatriz Galiano
240
1
0
_a
Voluntariado na empresa
_l
por
245
1
0
_a
Voluntariado na empresa
362
0
_a
1899
440
1
_a
Peirópolis
697
_a
GERAL
942
_c
BK
999
_c
171236
_d
171236